000 00220nam a2200097Ia 4500
008 170627s9999 xx 000 0 und d
100 _aCHERUNILAM- FRANCIS
245 0 _aINTERNATIONAL BUSINESS
260 _bPHI
260 _c2010
546 _aENGLISH
999 _c35806
_d35806